| 000 | 01506cam a22003374a 4500 | ||
|---|---|---|---|
| 999 |
_c129335 _d129335 |
||
| 001 | 12383832 | ||
| 003 | ARRUPE | ||
| 005 | 20190401093825.0 | ||
| 008 | 010418s2001 nju b 001 0 eng | ||
| 010 | _a 2001032102 | ||
| 020 | _a0691088934 (alk. paper) | ||
| 040 |
_aDLC _cDLC _dDLC |
||
| 042 | _apcc | ||
| 050 | 0 | 0 |
_aJC571 _b.I39 2001 |
| 082 | 0 | 0 |
_a323 _221 |
| 100 | 1 |
_aIgnatieff, Michael. _97987 |
|
| 245 | 1 | 0 |
_aHuman rights as politics and idolatry / _cMichael Ignatieff ; edited and introduced by Amy Gutmann. |
| 260 |
_aPrinceton, N.J. : _bPrinceton University Press, _cc2001. |
||
| 300 |
_axxviii, 187 p. ; _c22 cm. |
||
| 440 | 0 |
_aUniversity Center for Human Values series _945635 |
|
| 504 | _aIncludes bibliographical references and index. | ||
| 650 | 0 |
_aHuman rights. _945636 |
|
| 650 | 0 |
_aPolitical science _xPhilosophy. _945637 |
|
| 650 | 0 |
_aWorld politics. _925782 |
|
| 700 | 1 |
_aGutmann, Amy. _912867 |
|
| 856 | 4 | 2 |
_3Contributor biographical information _uhttp://www.loc.gov/catdir/bios/prin051/2001032102.html |
| 856 | 4 | 1 |
_3Table of contents _uhttp://www.loc.gov/catdir/toc/prin031/2001032102.html |
| 856 | 4 | 2 |
_3Publisher description _uhttp://www.loc.gov/catdir/description/prin022/2001032102.html |
| 906 |
_a7 _bcbc _corignew _d1 _eocip _f20 _gy-gencatlg |
||
| 942 |
_2lcc _cMONOGRAPH |
||